Concentration camps in Germany. (Record no. 90013)

MARC details
000 -LEADER
fixed length control field 00805cam a22002411 4500
001 - CONTROL NUMBER
control field sd 49000346
003 - CONTROL NUMBER IDENTIFIER
control field DLC
005 - DATE AND TIME OF LATEST TRANSACTION
control field 20260227112735.0
008 - FIXED-LENGTH DATA ELEMENTS--GENERAL INFORMATION
fixed length control field 910426s1944 dcuab 000 0 eng c
010 ## - LIBRARY OF CONGRESS CONTROL NUMBER
LC control number sd 49000346
035 ## - SYSTEM CONTROL NUMBER
System control number (OCoLC)23609379
040 ## - CATALOGING SOURCE
Original cataloging agency U.S. Dept. of State. Library
Transcribing agency CSt-H
Modifying agency DLC
042 ## - AUTHENTICATION CODE
Authentication code premarc
050 00 - LIBRARY OF CONGRESS CALL NUMBER
Classification number UB250
Item number .U33 no. 1844
082 ## - DEWEY DECIMAL CLASSIFICATION NUMBER
Classification number 943.086
110 1# - MAIN ENTRY--CORPORATE NAME
Corporate name or jurisdiction name as entry element United States.
Subordinate unit Office of Strategic Services.
-- Research and Analysis Branch.
245 00 - TITLE STATEMENT
Title Concentration camps in Germany.
260 ## - PUBLICATION, DISTRIBUTION, ETC.
Place of publication, distribution, etc. [Washington]
Date of publication, distribution, etc. 1944.
300 ## - PHYSICAL DESCRIPTION
Extent vi l., 36 p.
Other physical details fold. map, tables.
Dimensions 32 cm.
490 1# - SERIES STATEMENT
Series statement Its R & A,
Volume/sequential designation no. 1844
650 #0 - SUBJECT ADDED ENTRY--TOPICAL TERM
Topical term or geographic name entry element Concentration camps
Geographic subdivision Germany.
810 1# - SERIES ADDED ENTRY--CORPORATE NAME
Corporate name or jurisdiction name as entry element United States.
Subordinate unit Department of State.
-- Office of Intelligence Research.
Title of a work R & A ;
Volume/sequential designation no. 1844.

No items available.

Powered by Koha